|
|
|
|
| LEADER |
01534nam a2200421 a 4500 |
| 001 |
nkc20061693479 |
| 003 |
CZ PrNK |
| 005 |
20070222161127.0 |
| 007 |
ta |
| 008 |
061018s2006 xr a e f 000 0 cze |
| 015 |
|
|
|a cnb001693479
|
| 020 |
|
|
|a 80-7044-738-9
|q (brož.)
|
| 035 |
|
|
|a (OCoLC)124088868
|
| 040 |
|
|
|a OLA001
|b cze
|d ABA001
|
| 072 |
|
7 |
|a 796
|x Sport. Hry. Tělesná cvičení
|2 Konspekt
|9 20
|
| 080 |
|
|
|a 796.948
|2 MRF
|
| 080 |
|
|
|a (072)
|2 MRF
|
| 100 |
1 |
|
|a Louka, Oto,
|d 1956-
|7 mzk2003184932
|4 aut
|
| 245 |
1 |
0 |
|a Snowboarding - vybrané kapitoly /
|c Oto Louka & kol.
|
| 250 |
|
|
|a Vyd. 1.
|
| 260 |
|
|
|a Ústí nad Labem :
|b KTV PF UJEP,
|c 2006
|
| 300 |
|
|
|a 84 s. :
|b il. ;
|c 21 cm
|
| 490 |
1 |
|
|a Skripta
|
| 500 |
|
|
|a Nad názvem: Univerzita Jana Evangelisty Purkyně v Ústí nad Labem, Pedagogická fakulta
|
| 500 |
|
|
|a 150 výt.
|
| 504 |
|
|
|a Obsahuje bibliografii
|
| 650 |
0 |
7 |
|a snowboarding
|7 ph125732
|2 czenas
|
| 650 |
0 |
9 |
|a snowboarding
|2 eczenas
|
| 655 |
|
7 |
|a metodické příručky
|7 fd132826
|2 czenas
|
| 655 |
|
9 |
|a methodological manuals
|2 eczenas
|
| 710 |
2 |
|
|a Univerzita J.E. Purkyně v Ústí nad Labem.
|b Pedagogická fakulta
|7 kn20010709358
|
| 810 |
2 |
|
|a Univerzita J.E. Purkyně v Ústí nad Labem.
|t Skripta
|0 s
|
| 910 |
2 |
|
|a BOA001
|b 2-1172.824
|
| 928 |
9 |
|
|a Univerzita J.E. Purkyně, Pedagogická fakulta, Katedra tělesné výchovy
|
| 990 |
|
|
|a BK
|
| 995 |
|
|
|a 01
|
| 991 |
|
|
|b 200701
|c NOV
|
| 996 |
6 |
|
|b 2610297013
|c 2-1172.824
|l MZK
|r Sklad / do 1 hodiny
|n 2
|p p.v.
|w 000835272
|u 000010
|a 1
|e BOA001
|j MZK50
|s P
|